| 000 | 00000nam 2200000zi 4500 |
| 001 | 9.911053 |
| 003 | CaOODSP |
| 005 | 20221107182252 |
| 006 | m o d f |
| 007 | cr cn||||||||| |
| 008 | 220510t20222022quc o f000 0 fre d |
| 020 | |a9780660434674 |
| 040 | |aCaOODSP|bfre|erda|cCaOODSP |
| 043 | |an-cn--- |
| 086 | 1 |aEn14-488/9-2022F-PDF |
| 245 | 00|aRèglement fédéral sur les halocarbures de 2022 (RFH 2022) : |bhalons dans les systèmes d'extinction d'incendie. |
| 246 | 10|aHalons dans les systèmes d'extinction d'incendie |
| 264 | 1|a[Gatineau, Québec] : |bEnvironnement et changement climatique Canada = Environment and Climate Change Canada, |c2022. |
| 264 | 4|c©2022 |
| 300 | |a1 ressource en ligne (3 pages) |
| 336 | |atexte|btxt|2rdacontent/fre |
| 337 | |ainformatique|bc|2rdamedia/fre |
| 338 | |aressource en ligne|bcr|2rdacarrier/fre |
| 500 | |aTitre de départ. |
| 500 | |aPublié aussi en anglais sous le titre : Federal Halocarbon Regulations, 2022 (FHR 2022): halons in fire-extinguishing systems. |
| 520 | |a« Au Canada, le Règlement sur les substances appauvrissant la couche d'ozone et les halocarbures de remplacement (RSACOHR) contrôle la fabrication, l'importation, l'exportation, l'utilisation et la vente des substances appauvrissant la couche d'ozone, y compris les halons, ainsi que leurs halocarbures de remplacement et certains produits contenant ces substances » -- Page [1]. |
| 650 | 6|aHydrocarbures halogénés|xAspect de l'environnement|zCanada. |
| 650 | 6|aAgents d'extinction|xAspect de l'environnement|zCanada. |
| 710 | 1 |aCanada. |bEnvironnement et changement climatique Canada, |eorganisme de publication. |
| 775 | 08|tFederal Halocarbon Regulations, 2022 (FHR 2022) : |w(CaOODSP)9.911051 |
| 856 | 40|qPDF|s71 Ko|uhttps://publications.gc.ca/collections/collection_2022/eccc/En14-488-9-2022-fra.pdf |
| 986 | |aEC22062 |